Kybernetická bezpečnosť operačných systémov počítačov a jej aplikovanie

Gespeichert in:
Bibliographische Detailangaben
1. Verfasser: Danížek, Christian (Verfasst von)
Weitere Verfasser: Kvasnica, Peter (Betreuung Doktorarbeit)
Format: Manuskript Buch
Sprache:Slowakisch
Veröffentlicht: 2023
Schlagworte:
Online-Zugang:http://is.stuba.sk/zp/portal_zp.pl?podrobnosti=162632
Tags: Tag hinzufügen
Keine Tags, Fügen Sie das erste Tag hinzu!

MARC

LEADER 00000ntm a22000003a 4500
001 stuzp92412
003 SK-STU
005 20230909213051.3
007 ta
008 150427s2015----xo-----f-mn---000-0-slo-d
040 |a STU  |b slo 
041 0 |a slo 
100 1 |a Danížek, Christian  |u 070400  |4 aut  |U FIIT Fakulta informatiky a informačných technológií  |T FIIT Ústav počítačového inžinierstva a aplikovanej informatiky  |X 110782  |U I400  |Y 672  |7 110782 
242 0 1 |a Cybersecurity of operating systems and its application  |y eng 
245 1 0 |a Kybernetická bezpečnosť operačných systémov počítačov a jej aplikovanie 
260 |c 2023 
650 4 |a kryptografia  |2 slo 
650 4 |a prenos súboru  |2 slo 
650 4 |a operačný systém  |2 slo 
650 4 |a bezpečnosť  |2 slo 
650 4 |a security  |2 eng 
650 4 |a file transfer  |2 eng 
650 4 |a cryptography  |2 eng 
650 4 |a operating system  |2 eng 
700 1 |a Kvasnica, Peter  |4 ths  |X 114098  |7 114098 
856 4 |u http://is.stuba.sk/zp/portal_zp.pl?podrobnosti=162632